[Event "USA Ch"]
[Site "Estes Park"]
[Date "1985.??.??"]
[Round "10"]
[White "De Firmian, Nick E"]
[Black "Wolff, Patrick G"]
[Result "0-1"]
[WhiteElo "2540"]
[BlackElo "2305"]
[EventDate "1985.10.??"]

1. e4 d6 2. d4 Nf6 3. Nc3 g6 4. f4 Bg7 5. Bd3 O-O 6. Nf3 Na6 7. O-O c5 8. 
d5 Rb8 {This move is useful for preparation of b7-b5; at the same time 
Black does not hurry to define the a6-knight's route. } 9. Qe1 Nb4! {The 
white queen does not defend the c2-pawn, and Black exploits this nuance to
trade his clumsy knight for the important d3-bishop. } 10. Qh4 b5 11. a3 (
11. f5! c4 12. a3 Nxd3 13. cxd3 cxd3 14. Bh6 b4 15. axb4 Rxb4 16. fxg6 
fxg6 17. Ng5 { Sznapik - Van der Wiel, Amsterdam 1984} 17. ... Bxh6 18. 
Qxh6 Qd7 19. Ne6 Rf7 20. Qe3 Qb7 21. Rxa7 Qb8 22. Nd8 Rb6 23. Nxf7 Qxa7 
24. Nb5 Qa6 25. Nbxd6 exd6 26. Qf3 Rb7 27. Nh6+ Kg7 28. Qxf6+ Kxh6 29. 
Qh4+ = ) 11. ... Nxd3 12. cxd3 Bg4! {White's attacking power is lessened 
with every exchange, therefore the f3-knight will be exchanged too.} ( 
12. ... Ba6 13. b4! Nd7 14. Bd2 e6 15. dxe6 fxe6 16. Qh3 Re8 17. f5 += { 
Sax - Nunn, Malta (ol) 1980} ) 13. f5 b4 14. axb4?! ( 14. Ne2 ) 14. ... 
cxb4 15. Ne2 Qb6+ 16. Kh1 Rbc8 17. Nf4 Bxf3 18. Rxf3? ( 18. gxf3 Rc2 -/+ )
18. ... Qa6! -+ 19. Be3 Qxa1+ 20. Bg1 Rc1 21. Nh3 Rf1 22. fxg6 hxg6 0-1

[Event "Trnava"]
[Site ""]
[Date "1984.??.??"]
[Round "?"]
[White "Dolmatov, Sergey"]
[Black "Ehlvest, Jaan"]
[Result "1-0"]
[WhiteElo "2525"]
[BlackElo "2485"]

1. e4 d6 2. d4 g6 3. Nc3 Bg7 4. f4 Nf6 5. Nf3 O-O 6. Bd3 Na6 7. O-O c5 8. 
d5 Rb8 9. Qe2 {Another possible plan. Instead of immediate kingside 
activity with £e1-h4 White intends to develop the initiative in the 
center and on the queenside. } 9. ... Nc7 10. a4 a6 ( 10. ... b6 11. Nd1 (
11. Nb5!? ) 11. ... e6 12. dxe6 fxe6 13. c4 d5 14. Nf2 dxe4 15. Nxe4 Nxe4 
16. Bxe4 Ne8 17. Rd1 Qc7 18. Ra3 += Nd6 19. Rad3 Nf5 20. b3 Nd4 {1-0(40) 
Shirov, Alexei (2500) - Hodgson, Julian M (2540) / Troll Masters (5), 
Gausdal NOR 1990} ) 11. a5! {With this typical move White fixes the black 
queenside and secures his knight an excellent position on c4.} 11. ... Nd7
12. Na4 Nb5 13. Bd2 Nd4 14. Nxd4 cxd4 15. b4! +/- Kh8 16. Kh1 f5 {The only
opportunity of counterplay, but alas, it leads to creating of new 
weaknesses. } 17. exf5 gxf5 18. Ra3! Rf7 19. c4 dxc3 20. Bxc3 b5 21. axb6 
Nxb6 22. Nxb6 Qxb6 23. Qh5 Kg8 24. Bxg7 Qxb4 ( 24. ... Rxg7 25. Qe8# ) ( 
24. ... Kxg7 25. Bxa6! Bxa6 26. Rg3+ Kf8 27. Qh6+ Ke8 28. Rg8+ Kd7 29. 
Qe6+ Kc7 30. Rc1+ +- ) 25. Raa1 Qd2 ( 25. ... Kxg7 26. Rab1 +- ) 26. Rad1 
1-0

[Event ""]
[Site "URS"]
[Date "1985.??.??"]
[Round "?"]
[White "Dolmatov Sergey (RUS)"]
[Black "Gipslis Aivars (LAT)"]
[Result "1/2-1/2"]
[WhiteElo "2520"]
[BlackElo "2490"]

1. e4 d6 2. d4 Nf6 3. Nc3 g6 4. f4 Bg7 5. Nf3 O-O 6. Bd3 Na6 7. O-O c5 8. 
d5 Rb8 9. Qe2 Nc7 10. a4 a6 11. a5 b5! {Black's position is cramped; and 
to save from this squeeze, he has to play vigorously. So he creates 
himself a weakness on a6, but gets an opportunity of counterplay along the
b-file. } 12. axb6 Rxb6 13. Na4 Rb8 14. c4 e6! {Pursuing the same idea of 
active counterplay. } 15. e5 Nfe8 16. exd6 ( 16. Nc3!? Bb7 17. Rd1 exd5 
18. cxd5 Nxd5 19. Bxa6 Nxc3 20. bxc3 += Bxf3 {1-0(39) Dolmatov, Sergey 
(2585) - Marin, Mihail (2525) / Goodricke Open 10th (4), Kolkata 1999} ) 
16. ... Nxd6 17. Ne5! exd5!! {An excellent decision: Black maintains 
equality by sacrificing a rook for the initiative. } ( 17. ... Bb7 18. 
Nxc5 exd5 19. Nxb7 Rxb7 20. cxd5 +/- ) 18. Nc6 Qh4 19. Nxb8 ( 19. g3 Qh3 
20. Nxc5 Re8 21. Qf2 dxc4 22. Nxb8 cxd3 23. Re1 Rxe1+ 24. Qxe1 Qh5 25. 
Nbd7 Qd5 {Tomashevic - Gipslis, corr. 1996} ) 19. ... Bd4+ 20. Kh1 Re8 21.
 Qf3 dxc4 22. Nc6 ( 22. Be2? Bb7 23. Qg3 Qxg3 24. hxg3 Rxe2 -+ ) ( 22. Bc2
Bg4 23. Qg3 ( 23. Qc6 Re2 24. Qxd6 Bf3 -+ ) 23. ... Qxg3 24. hxg3 Rxb8 ) 
22. ... Bg4 23. Nxd4! cxd4 ( 23. ... Bxf3 24. Nxf3 Qg4 25. Ne5 +/- ) 24. 
Qc6 cxd3 25. Qxd6 Bf3!! 26. Be3 ( 26. gxf3? Re2 27. f5 Qh3 28. Qd8+ Ne8 -+
) ( 26. Qxd4 Bxg2+ 27. Kxg2 Re2+ 28. Qf2! ( 28. Rf2? Qg4+ -+ ) 28. ... 
Qg4+ 29. Kh1 Rxf2 30. Rxf2 Qd1+ = ) 26. ... dxe3 27. gxf3 d2 28. Nc3 e2 
29. Qxd2 exf1=Q+ 30. Rxf1 =+ Rd8 31. Qe3 Nd5 32. Nxd5 Rxd5 33. Rc1 Qh3 34.
 Kg1 a5 35. Qc3 Qd7 36. Qc8+! Qxc8 37. Rxc8+ Kg7 38. Ra8 Rb5 39. b3! Rxb3 
40. Rxa5 Rxf3 41. Ra4 Kf6 42. Kg2 Rd3 43. Ra5! 1/2-1/2

[Event "Grand Prix mf"]
[Site "Bordeaux FRA"]
[Date "1998.??.??"]
[Round "?"]
[White "Shirov, Alexei"]
[Black "Speelman, Jon S"]
[Result "1-0"]
[WhiteElo "2710"]
[BlackElo "2605"]
[EventDate "1998.??.??"]

1. e4 g6 2. d4 Bg7 3. Nc3 d6 4. f4 c6 5. Nf3 Bg4 ( 5. ... d5 6. e5 Bg4 7. 
h3 Bxf3 8. Qxf3 e6 9. Be3 h5 10. g3 Ne7 11. g4! Nd7 12. Bd3 += hxg4 13. 
hxg4 Rxh1+ 14. Qxh1 Qb6 15. O-O-O O-O-O {1-0(44) Glek, Igor (2535) - 
Lukov, Valentin (2450) / Werfen Open (6), Werfen 1990} ) 6. Be3 Qb6! 7. 
Qd2! {The best plan: White prepares queenside castling, indirectly 
protecting the b2-pawn. The only drawback are the doubled pawns on the 
f-file. } 7. ... Bxf3 ( 7. ... Qxb2 8. Rb1 Qa3 9. Rxb7 Nf6 10. Be2 O-O 11.
 O-O += ) 8. gxf3 Nd7 {White has a bishop pair and possesses more space, 
but Black's position is firm. } 9. O-O-O Qc7 ( 9. ... Qa5 10. Kb1 b5 11. 
h4! Nb6 12. h5 b4 13. Ne2 Nc4 14. Qd3 Nxe3 15. Qxe3 Nf6 16. h6 Bf8 17. d5!
cxd5 18. e5! Nd7 19. e6! +/- fxe6 20. Qxe6 Rb8 {1-0(25) Bologan, Viktor 
(2510) - Todorcevic Antic, Miodrag (2480) / Las Palmas-B (1), Las Palmas 
ESP 1993} ) 10. h4! {The h-pawn march is a typical method of breaking the 
black defense. } 10. ... Ngf6 11. e5! Nd5 12. Nxd5 cxd5 13. h5 O-O-O 14. 
h6 Bf8 15. e6! Nb6?! ( 15. ... fxe6 16. Bh3 Bxh6 17. Bxe6 Bg7 18. Bxd5 += 
) 16. exf7 e6 17. Qa5! Kb8 18. Rd3! Rc8 ( 18. ... Qxf7? 19. Ra3 +- ) 19. 
Rc3 Nc4 ( 19. ... Qxf7? 20. Ra3 +- ) 20. Qxc7+ Rxc7 21. Bxc4 dxc4 22. d5! 
e5 23. a4 Be7 24. Rd1 exf4 25. Bxf4 Rf8 26. Re1 Kc8 27. Rxe7! Rxe7 28. 
Bxd6 Rexf7 29. Bxf8 Rxf8 30. Rxc4+ Kd7 31. Rb4 b6 32. a5 +- Rf6 33. axb6 
axb6 34. f4 Kc7 35. Re4 Rf5 36. Re7+ Kd6 37. Rxh7 Rxf4 38. Rg7 Rh4 39. 
Rxg6+ Kxd5 40. Rxb6 1-0

[Event "FRG Ch int"]
[Site "Munich GER"]
[Date "1979.??.??"]
[Round "?"]
[White "Balashov, Yuri S"]
[Black "Pfleger, Helmut"]
[Result "1-0"]
[WhiteElo "2600"]
[BlackElo "2545"]
[EventDate "1979.02.??"]

1. e4 d6 2. d4 Nf6 3. Nc3 g6 4. Be2 Bg7 5. h4 c5 6. dxc5 {This is the most
energetic continuation. } ( {White obtains less with} 6. d5 h5 7. Nh3 Nbd7
8. f4 Ng4! ) 6. ... Qa5 7. Kf1 {Only this move allows White to fight for 
the initiative. } ( {after} 7. cxd6 Nxe4 {Black obtains perfect play} ) 
7. ... Qxc5 8. Be3 Qa5 9. h5 gxh5 {Black cannot allow the white pawn to 
advance to h6 and must capture it.} ( 9. ... Nxh5 { is bad for Black due 
to} 10. Bxh5 gxh5 11. Rxh5 {with advantage to White} ) 10. Nh3! {This is 
an extremely strong move. White strives to capture the black h5-pawn with 
the knight, which would allow him to develop the initiative. } ( {White 
obtains nothing with} 10. Bxh5 {that Black should better meet with} 
10. ... Nc6 11. Be2 Be6 12. Nh3 O-O-O { obtaining full-fledged play} ) 
10. ... Bg4 ( {Black tried here} 10. ... Nc6 11. Nf4 Ng4 { but after } 12.
 Bd2 Qb6 13. Bc1 Nf6 14. a4 Bd7 15. a5 {White also obtained the advantage,
Persitz - Elsukov, (corr.) 1971-72.} ) 11. Nf4 Bxe2+ 12. Qxe2 Nc6 13. Nxh5
Nxh5 14. Rxh5 {A witty maneuver of the white king's knight helped White to
seize the initiative. The German grandmaster had to switch defending} 
14. ... Qc7 15. Nd5 Qd7 16. c3 e6 {After the text move White wins a pawn.}
( {Black certainly cannot play } 16. ... O-O-O { due to} 17. Bxa7 ) 17. 
Bh6 f6 18. Qg4 exd5 19. Qxg7 {Balashov chooses a rather energetic 
continuation.} ( 19. Qxd7+ Kxd7 20. Bxg7 Rhg8 21. Bxf6 dxe4 22. Rxh7+ Ke6 
{White could also have retained the extra pawn.} ) 19. ... O-O-O {Black 
has not only lost the pawn but also obtained a difficult position: it is 
difficult to protect his isolated pawns. } 20. Qxd7+ Rxd7 21. Rxd5 Re8 22.
 f3 Re5 23. Rad1 Rxd5 24. Rxd5 Ne7 25. Rh5 1-0

[Event ""]
[Site ""]
[Date "1987.??.??"]
[Round "?"]
[White "Oll, Lembit"]
[Black "Gurevich, Mikhail"]
[Result "0-1"]
[WhiteElo "2440"]
[BlackElo "2540"]

1. e4 d6 2. d4 Nf6 3. Nc3 g6 4. f4 Bg7 5. Nf3 c5 6. Bb5+ Bd7 7. e5 Ng4 8. 
e6 Bxb5 9. exf7+ Kd7 10. Nxb5 Qa5+ 11. Nc3 cxd4 12. Nxd4 {One of the key 
positions of the Pirc-Ufimtsev defense has arisen. } 12. ... h5!? {Black 
implements a new plan including the rushing advance of his h-pawn. It 
occurred for the first time in the game Hellers - Seirawan 1986. } ( 
12. ... Bxd4!? { (Suttles' paradoxical idea)} 13. Qxd4 Nc6 {with complex 
play} ) ( {weaker is} 12. ... Qh5 13. Ne4 ) 13. h3 Nc6 14. Ne2 Nh6 15. Be3
Raf8! ( {(In the mentioned game Hellers - Seirawan Black did not play in 
the best way: 1} 15. ... Nf5 { and after} 16. Bf2 Raf8 17. O-O { ran into 
difficulties} ) 16. Qd3 Nf5 17. Bf2 Rxf7 18. O-O-O ( 18. O-O {is also 
possible with sophisticated play} ) 18. ... h4 {Black prevents the 
opponent's possible activity including the move g2-g4.} 19. a3 {The text 
move gradually concedes the initiative to the opponent's hands. } ( {The 
negative aspects of Black's set-up were successfully revealed by A. 
Beliavsky in his game against M. Tal (1988):} 19. Kb1 Rc8 20. Qe4! b6 21. 
a3 Nd8 22. Rhe1 {with White's steady edge} ) 19. ... Rc8 20. Ne4 Nd8 {
Black reliably protects the e6- and f7-squares impeding the opponent's 
possible activity in the center. } 21. Kb1 Ne6 22. c4 b6 {Black stops the 
white c-pawn from advancing further, after which White's initiative 
extinguishes. Then Black starts a counter attack using the harmonious 
positioning of his pieces and White's somewhat weakened pawn structure. } 
23. Bxh4 Nxf4! {Black starts a sharp tactical skirmish, which is the only 
way for him to fight for the initiative. } ( {Certainly bad for Black is} 
23. ... Nxh4? 24. Nxd6! Nc5 25. Qd5 e6 26. Qg5 {M. Gurevich} ) 24. Nxf4 
Qe5 25. Nf6+ {Two of White's pieces are under attack; moreover, Black 
eventually threatens with checkmate on b2. White wants to solve all of his
problems in a tactical way but underestimates the opponent's perfect 
positional exchange sacrifice. } ( {Obviously after the stronger} 25. Rd2 
Nxh4 26. Nd5 Nf5 {Black would also have retained the advantage.} ) 25. ...
 Rxf6! ( {Certainly} 25. ... Bxf6 26. Bxf6 { is meaningless - Black's 
excellent g7-bishop is exchanged.} ) 26. Bxf6 Bxf6 {It turns out that 
despite the extra exchange White's position is rather hopeless, as he has 
nothing to oppose Black's powerful battery on the main diagonal. } 27. Qd2
Ne3! {Black's motto is "Action!" } ( {He could also have obtained the 
advantage with the simple} 27. ... Rxc4 {This is practically forced.} ) 
28. Nd3 ( 28. Nxg6 {will be followed with} 28. ... Qe4+ 29. Qd3 Qxg2 ) 
28. ... Qd4 29. Rc1 Nxc4 30. Qe2 Nxa3+ 31. Ka2 Nc4 32. Rhd1 ( 32. Qg4+ 
Qxg4 33. hxg4 g5 {is good for Black, followed by Nc4-e3 (M. Gurevich)} ) 
32. ... Qd5 33. Qg4+ Kd8 34. Nb4 Qb5 {This game is quite characteristic 
for the Pirc-Ufimtsev defense: White's attack exhausts and Black manages 
to overtake the initiative achieving a victory.} 0-1

[Event "Rishon Le Ziyyon"]
[Site "Rishon Le Ziyyon"]
[Date "1994.??.??"]
[Round "10"]
[White "Liss, Eran"]
[Black "Gofshtein, Leonid"]
[Result "1-0"]
[WhiteElo "2480"]
[BlackElo "2495"]
[EventDate "1994.11.??"]

1. e4 d6 2. d4 Nf6 3. Nc3 g6 4. f4 Bg7 5. Nf3 c5 6. Bb5+ Bd7 7. e5 Ng4 8. 
Bxd7+ ( {One more interesting idea for White is} 8. Ng5!? {attacking the 
black g4-knight} 8. ... Bxb5 9. Qxg4 Bd7 10. e6 fxe6 11. Nxh7! {The main 
idea of White's attack featuring the move 8.¤g5 is fully realized: 
Black's pawn chain on the kingside is completely destroyed in a tactical 
way. } 11. ... Kf7 12. Ng5+ Kf8 13. Qxe6! {and White wins a pawn} ) 8. ...
 Qxd7 {The introductory moves to this interesting and dangerous system for
Black are elaborately considered in the theoretical section. } 9. d5 dxe5 
10. h3 e4 11. Nxe4 Nf6 12. Nxf6+ Bxf6 13. O-O O-O 14. Be3 Bxb2 {This 
capture is more accurate,} ( {than } 14. ... Na6 {dealt with in the 
theoretical section} ) ( 14. ... Rd8 {also failed to justify itself, which
occurred in the game Lukin - Gubanov 1995 that proceeded with} 15. c4 e6 
16. Ne5 Qd6 ( 16. ... Qe7!? ) 17. Ng4 {Again we observe an already 
familiar idea of sacrificing the white b2-pawn. } 17. ... Bxb2 18. Rb1 Bg7
19. dxe6 f5 20. Ne5 {with the obvious advantage to White} ) 15. Rb1 ( 15. 
Ne5!? {is deserving attention} ) 15. ... Bf6 ( {The game Liss - Chernin 
1994 provided a specification for Black:} 15. ... Bg7!? 16. Bxc5 Rd8 17. 
Ne5 Qc7! 18. Ba3 Nc6 {with a complex struggle} ) 16. Ne5 Qc7 17. Ng4 Nd7 {
Black completes the development of his queenside and brings the knight 
closer to defend the kingside, where the main events are obviously going 
to take place. } ( 17. ... Bd4? { is weak} 18. Bxd4 cxd4 19. Qxd4 {and 
White already threatens with checkmate on h6} ) ( {while after } 17. ... 
Bg7 {preserving the bishop White can beneficially choose the natural } 18.
 f5 { launching a strong attack.} ) 18. f5 {White's standard attack in 
this variation.} 18. ... Rad8 19. Bh6 Bg7 20. d6! {A graceful tactical 
solution decently crowns White's play. } 20. ... exd6 ( 20. ... Qxd6 21. 
Qxd6 exd6 22. Bxg7 Kxg7 23. f6+ Kh8 24. Rxb7 {Black obtains a difficult 
endgame virtually "without the king"} ) 21. Qd2! {The prime target of 
White's attack, the dark squares on the kingside are hopelessly weak. The 
white f-pawn takes an important part in the attack, being ready to join in
with chasing the black king at any moment.} 21. ... Bxh6 22. Qxh6 Kh8 {
f5-f6 threatened with the checkmate. } 23. Rbe1 c4 ( {Black cannot prevent
the white rook from invading along the e-file, for} 23. ... Rde8 { will be
followed with } 24. f6 Rg8 25. Rxe8 ) 24. fxg6 fxg6 25. Re7 Rxf1+ 26. Kxf1
Rf8+ 27. Ke2 1-0